000 00377nam a22001577a 4500
020 _a978-93-95649-24-7
082 _a530
_bGOM/P
100 _aGOMBER.K.L
245 _aXI PRADEEP'S FUNDAMENTAL PHYSICS
246 _aVOL.II
260 _aNEW DELHI
_bPRADEEP PUBLICATIONS
_c2023
300 _a15/136
520 _aPHYSICS REFERENCE
650 _aPHYSICS REFERENCE
942 _cBK
999 _c7148
_d7148